Home Print Resources E-Books E-Journals IIMT Lecture Series Library Membership Form Book Recommendation Form Campus Tour Take AdmissionAbout Us Contact Us

CLINICAL PRACTICE OF ACUPUNCTURE (Record no. 50271)

000 -LEADER
fixed length control field 00374nam a22001577a 4500
003 - CONTROL NUMBER IDENTIFIER
control field OSt
005 - DATE AND TIME OF LATEST TRANSACTION
control field 20240329095502.0
008 - FIXED-LENGTH DATA ELEMENTS--GENERAL INFORMATION
fixed length control field 201130b xxu||||| |||| 00| 0 eng d
020 ## - INTERNATIONAL STANDARD BOOK NUMBER
International Standard Book Number ‎ 978-8123903385
040 ## - CATALOGING SOURCE
Transcribing agency SERIOSOFT
100 ## - MAIN ENTRY--PERSONAL NAME
Personal name AGRAWAL A.L.
245 ## - TITLE STATEMENT
Title CLINICAL PRACTICE OF ACUPUNCTURE
260 ## - PUBLICATION, DISTRIBUTION, ETC.
Place of publication, distribution, etc. NEW DELHI
Name of publisher, distributor, etc. CBS
Date of publication, distribution, etc. 2019
300 ## - PHYSICAL DESCRIPTION
Extent 464
942 ## - ADDED ENTRY ELEMENTS (KOHA)
Source of classification or shelving scheme
Koha item type Book Bank
Holdings
Withdrawn status Lost status Source of classification or shelving scheme Damaged status Not for loan Home library Current library Date acquired Source of acquisition Cost, normal purchase price Total Checkouts Barcode Date last seen Date last checked out Uniform Resource Identifier Price effective from Koha item type Checked out
          IIMT University Central Library Meerut IIMT University Central Library Meerut 11/30/2020 ARISTA 1050.00 5 01-B-131509 07/02/2025 01/25/2025 naturopathy 11/30/2020 Book Bank  
          IIMT University Central Library Meerut IIMT University Central Library Meerut 11/30/2020 ARISTA 1050.00 5 01-B-131510 12/10/2025 12/10/2025 naturopathy 11/30/2020 Book Bank 03/31/2027
          IIMT University Central Library Meerut IIMT University Central Library Meerut 11/30/2020 ARISTA 1050.00 7 01-B-131511 12/02/2025 12/02/2025 naturopathy 11/30/2020 Book Bank 03/31/2027
IIMT, Central Library. All Rights Reserved IIMT,UNIVERSITY © 2023
Implemented and Customised by I CLOUDE EMS
You Are OPAC Visitor No
free web counter

Powered by Koha